Best 'Party' Cities Quiz Stats

Quiz Updated Jan 17, 2012

Challenge
Share
Tweet
Embed
Score 0/88 Timer 04:00
0 Plays Today
% Correct
New York
97.5%
New York
97.5%
New York
97.5%
New York
97.5%
New York
97.5%
New York
97.5%
Los Angeles
93.3%
Los Angeles
93.3%
Chicago
92.4%
Chicago
92.4%
Chicago
92.4%
Chicago
92.4%
Chicago
92.4%
Chicago
92.4%
Chicago
92.4%
Chicago
92.4%
Chicago
92.4%
Chicago
92.4%
Chicago
92.4%
Chicago
92.4%
Chicago
92.4%
Chicago
92.4%
Chicago
92.4%
Chicago
92.4%
Chicago
92.4%
Chicago
92.4%
Chicago
92.4%
Chicago
92.4%
Chicago
92.4%
Chicago
92.4%
% Correct
Chicago
92.4%
Chicago
92.4%
Chicago
92.4%
Boston
89.2%
Dallas
88.5%
Miami Beach
86.9%
Miami Beach
86.9%
Miami Beach
86.9%
Houston
85.7%
Houston
85.7%
San Francisco
84.9%
San Francisco
84.9%
San Francisco
84.9%
San Francisco
84.9%
Philadelphia
84.6%
Philadelphia
84.6%
Philadelphia
84.6%
Philadelphia
84.6%
Philadelphia
84.6%
Philadelphia
84.6%
Philadelphia
84.6%
Philadelphia
84.6%
Philadelphia
81.4%
Atlanta
79.7%
Detroit
75.7%
Denver
75.5%
Denver
75.5%
Cleveland
72.9%
San Diego
71%
St. Louis
70.5%
% Correct
St. Louis
70.5%
St. Louis
70.5%
St. Louis
70.5%
St. Louis
70.5%
Cleveland
70.2%
Cleveland
70.2%
New Orleans
69.1%
St. Paul
67.3%
Baltimore
66.9%
Baltimore
66.9%
Baltimore
66.9%
Baltimore
66.9%
Baltimore
66.9%
Baltimore
66.9%
Baltimore
66.9%
Baltimore
66.9%
Baltimore
66.9%
Baltimore
66.9%
Minneapolis
62.4%
Kansas City
58.9%
Kansas City
58.9%
Kansas City
58.9%
Cincinnati
56.7%
Cincinnati
56.7%
Cincinnati
56.7%
Charlotte
55.3%
Tampa
53%
Atlantic City
13.2%

You're not logged in!

Compare scores with friends on all Sporcle quizzes.
Join for Free
OR
Log In

You Might Also Like...

Show Comments

Extras

Top Quizzes Today


Score Distribution

Your Account Isn't Verified!

In order to create a playlist on Sporcle, you need to verify the email address you used during registration. Go to your Sporcle Settings to finish the process.

Report this User

Report this user for behavior that violates our Community Guidelines.

Details: